| 000 | 01678nam a2200325 i 4500 | ||
|---|---|---|---|
| 001 | 000048351 | ||
| 003 | DO-SdBNP | ||
| 005 | 20250522103619.0 | ||
| 006 | a||||gr|||| 00| 0 | ||
| 007 | ta | ||
| 008 | 250522e2015 dr ad r 000 spa d | ||
| 040 |
_aDO-SdBNP _bspa _cBNPHU _erda |
||
| 041 | _hspa | ||
| 082 | 4 |
_axxx _bR426n _222 |
|
| 110 | 1 |
_aRepública Dominicana. _bOficina Presidencial de Tecnología de la Información y Comunicaciones. _937585 _eautor |
|
| 245 | 1 | 0 |
_aNortic A4 2015 : _bguía de implementación de la norma para la interoperabilidad entre los organismo del gobierno dominicano. / |
| 264 | 1 |
_aSanto Domingo : _bPresidencia de la República _c2015 |
|
| 300 |
_a210 páginas ; _bIlustraciones, gráficas _c24 cm. |
||
| 336 |
_2rdacontent _atexto _btxt |
||
| 337 |
_2rdamedia _asin mediación _bn |
||
| 338 |
_2rdacarrier _avolumen _bnc |
||
| 500 | _aIncluye bibliografía y notas al pié de páginas. | ||
| 500 | _aIncluye glosario de términos, páginas 61- 71. | ||
| 500 | _aIncluye abreviaturas y acrónimos. | ||
| 504 | _aBibliografía: páginas 79- 80 | ||
| 505 |
_aPrólogo. _gMarco Legal.-- Introducción. _gCapítulo I. _tNormas para la interoperabilidad entre los organismos del Gobierno Dominicano.-- _gCapítulo II. _tCatálogo de estándares de Interoperabilidad.-- _gCapítulo III. _tInteroperabilidad Organizacional.-- _gCapítulo IV. _tInteroperabilidad Semántica.-- _gCapítulo V. _tInteroperabilidad Técnica.-- _tGlosario de términos.-- _tAbreviaturas y acrónimos.-- _tBibliografía.-- _tAnexos.-- _tEquipo de Trabajo. _tBibliografía.-- _tAnexos.-- _tTrabajo en equipo. |
||
| 590 | _aInventariado, 2025/DG | ||
| 910 | _aDG | ||
| 942 |
_2ddc _cLBS1 |
||
| 999 |
_c59085 _d59085 |
||